[Event "JUG-ch sf"]
[Site "Nis"]
[Date "1995.??.??"]
[Round "?"]
[White "Certic, Branimir"]
[Black "Marinkovic, Slavisa"]
[Result "1-0"]
[WhiteElo "2435"]
[BlackElo "2415"]

1.d4 Nf6 2.Bg5 Ne4 3.Bh4 d5 4.f3 Nd6 5.Nc3 g6 6.e4 dxe4 7.fxe4 Bg7 8.Qd3 Nc6
9.Nf3 Bg4 10.Ne2 Qd7 11.h3 Bxf3 12.gxf3 e5 13.d5 Ne7 14.Bg5 h6 15.Bd2 c6
16.dxc6 Nxc6 17.h4 h5 18.O-O-O O-O 19.Bg5 Nd4 20.Kb1 Rfe8 21.Nc3 Rac8 22.Rh2 Nc4
23.Bh3 f5 24.Bc1 Rc6 25.b3 Rec8 26.Nd5 Nb6 27.Nxb6 axb6 28.Bb2 Qf7 29.c3 Ne6
30.exf5 Nf4 31.fxg6 Rxg6 32.Qd7 Nxh3  1-0

[Event "NLD-chT9596"]
[Site "?"]
[Date "1995.??.??"]
[Round "?"]
[White "Wilgenhof, Otto"]
[Black "Van Egmond, Rogier Marcel"]
[Result "1-0"]
[WhiteElo "2235"]
[BlackElo "2315"]

1.d4 Nf6 2.Bg5 Ne4 3.Bh4 c5 4.f3 g5 5.fxe4 gxh4 6.e3 Qb6 7.Nc3 Qxb2 8.Nd5 Kd8
9.Nf3 Bh6 10.Ne5 Rf8 11.Qh5 Qxa1+ 12.Ke2 d6 13.Qxh6 Re8 14.Nxf7+ Kd7 15.g3 Qxa2
16.Bh3+ e6 17.Ne5+  1-0

[Event "NLD-chT9596"]
[Site "?"]
[Date "1995.??.??"]
[Round "?"]
[White "Wilgenhof, Otto"]
[Black "Goormachtigh, Johan"]
[Result "0-1"]
[WhiteElo "2235"]
[BlackElo "2305"]

1.d4 Nf6 2.Bg5 Ne4 3.Bh4 g5 4.f3 gxh4 5.fxe4 c5 6.e3 Bh6 7.Kf2 Nc6 8.Qh5 Bg7
9.Bc4 e6 10.Qxc5 d6 11.Qh5 Qf6+ 12.Nf3 Qg6 13.Qxg6 hxg6 14.Nbd2 Ke7 15.c3 Bd7
16.a4 Rh5 17.Be2 Rc8 18.Nc4 Rhh8 19.a5 Rce8 20.Rhc1 f5 21.exf5 exf5 22.d5 Ne5
23.Ncxe5 dxe5 24.Rd1 e4 25.Nd4 Be5 26.Kg1 Rc8 27.Ra3 Rc7 28.b4 Rhc8 29.c4 Rxc4
30.Bxc4 Rxc4 31.a6 b6 32.Nc6+ Bxc6 33.dxc6 Rxc6 34.Rd2 Rc1+ 35.Kf2 Bxh2 36.Raa2 Bg3+  0-1

[Event "NOR-ch"]
[Site "?"]
[Date "1995.??.??"]
[Round "3"]
[White "Djurhuus, Rune"]
[Black "Tisdall, Jonathan D"]
[Result "0-1"]
[WhiteElo "2515"]
[BlackElo "2500"]

1.d4 Nf6 2.Bg5 Ne4 3.Bf4 c5 4.d5 Qb6 5.Nd2 Qxb2 6.Nxe4 Qb4+ 7.c3 Qxe4 8.e3 e6
9.dxe6 Qxe6 10.Nf3 Be7 11.Bd3 b6 12.Qc2 g6 13.h4 Bb7 14.h5 Rg8 15.hxg6 hxg6
16.Rd1 Nc6 17.Ng5 Bxg5 18.Bxg5 Ne5 19.Be4 d5 20.Bd3 Bc6 21.Be2 f6 22.Bf4 O-O-O
23.a4 Rh8 24.Rg1 Rh4 25.a5 b5 26.a6 g5 27.Bg3 Ra4 28.Rh1 Rxa6 29.Rh7 Ra4
30.Bd3 Nxd3+ 31.Qxd3 Rd7 32.Rxd7 Bxd7 33.Qh7 Ra2 34.Qh8+ Kb7 35.Qb8+ Ka6
36.Kf1 Qb6 37.Rxd5 Qxb8 38.Bxb8 Bc6 39.Rxc5 Ra1+ 40.Ke2 Bxg2 41.Rf5 Bf1+
42.Kd2 Kb7 43.Bd6 a5 44.Kc2 Ra2+ 45.Kb1 Rd2 46.Rxf6 Bd3+ 47.Ka1 g4 48.Be5 Bc4
49.Rf4 a4 50.Rxg4 a3 51.Rg1 Kb6 52.e4 Ka5 53.Bf4 Rxf2 54.Bc1 Ka4 55.e5 Kb3
56.Rd1 Be6 57.Bd2 Kc2 58.Be3 Re2 59.Rc1+ Kb3 60.Rb1+ Kxc3 61.Rxb5 Rxe3 62.Rb1 Re2
63.Rg1 Rd2 64.Re1 Bc4 65.e6 Kb3  0-1

[Event "Novorossijsk"]
[Site "Novorossijsk"]
[Date "1995.??.??"]
[Round "?"]
[White "Tregubov, Pavel V"]
[Black "Nadyrhanov, S."]
[Result "1/2-1/2"]
[WhiteElo "2490"]
[BlackElo "2490"]

1.d4 Nf6 2.Bg5 Ne4 3.Bf4 d5 4.Nd2 Bf5 5.e3 e6 6.Bd3 Nxd2 7.Qxd2 Bxd3 8.Qxd3 Be7
9.Nf3 O-O 10.O-O Nd7  1/2-1/2

[Event "CZE-ch"]
[Site "Olomouc"]
[Date "1995.??.??"]
[Round "?"]
[White "Cech, Pavel"]
[Black "Polak, Tomas"]
[Result "1-0"]
[WhiteElo "2360"]
[BlackElo "2420"]

1.d4 Nf6 2.Bg5 Ne4 3.h4 d5 4.Nd2 Nxd2 5.Qxd2 Bf5 6.e3 h6 7.Bf4 e6 8.Nf3 Nd7
9.Ne5 Be7 10.O-O-O Nxe5 11.Bxe5 O-O 12.Bd3 Bxd3 13.Qxd3 c5 14.e4 c4 15.Qg3 f6
16.Bf4 dxe4 17.Bxh6 Rf7 18.Qg6 Qd5 19.h5 b5 20.Be3 Raf8 21.h6 c3 22.Kb1 cxb2
23.Rh5 Qc6 24.d5 exd5 25.Rhxd5 Qe6 26.Rg5 Rc8 27.hxg7 Qc4 28.Qh7+  1-0

[Event "CZE-ch"]
[Site "Olomouc"]
[Date "1995.??.??"]
[Round "?"]
[White "Obsivac, Josef"]
[Black "Freisler, Pavel"]
[Result "1-0"]
[WhiteElo "2335"]
[BlackElo "2350"]

1.d4 Nf6 2.Bg5 Ne4 3.Bh4 d5 4.f3 Nd6 5.Nc3 Nf5 6.Bf2 e5 7.dxe5 d4 8.e4 dxe3
9.Qxd8+ Kxd8 10.O-O-O+ Bd7 11.Be1 Nc6 12.f4 g5 13.g3 gxf4 14.gxf4 Nce7 15.Nge2 c6
16.Bh3 Kc7 17.Rxd7+ Kxd7 18.Nd4 Bh6 19.Bg3 Ng6 20.Nce2 Kc7 21.Nxf5 Bf8 22.Nxe3 h5
23.Rf1 Re8 24.Nc4 b5 25.Nd6 Bxd6 26.exd6+ Kxd6 27.Rd1+ Kc7 28.Rd7+ Kb6 29.Nc3 Re7
30.Bf2+ Ka6 31.Rxe7 Nxe7 32.Bg2 Rh6 33.Ne4 Kb7 34.Bc5 Nd5 35.f5 Kc7 36.h4 a5
37.Kd2 Rh8 38.Bf3 Rd8 39.Kc1 Re8 40.a3 Kd7 41.Ng3 Nf4 42.Nxh5 Nxh5 43.Bxh5 Re5
44.b4 axb4 45.axb4 Ke8 46.Bg4 f6 47.Bh5+ Kd7 48.Bg6 Re1+ 49.Kb2 Rh1 50.h5  1-0

[Event "Pardubice op"]
[Site "Pardubice"]
[Date "1995.??.??"]
[Round "?"]
[White "Dumitrescu, Dragos"]
[Black "Polgar, Sofia"]
[Result "1-0"]
[WhiteElo "2375"]
[BlackElo "2485"]

1.d4 Nf6 2.Bg5 Ne4 3.Bh4 c5 4.f3 g5 5.fxe4 gxh4 6.e3 Bh6 7.Kf2 cxd4 8.exd4 Qb6
9.Nc3 e6 10.Nf3 Nc6 11.Bb5 O-O 12.Re1 Bg7 13.Bxc6 bxc6 14.Na4 Qa5 15.c3 d6
16.b4 Qb5 17.e5 c5 18.dxc5 Bd7 19.Nb2 dxc5 20.a4 Qb7 21.b5 Qc7 22.Nc4 f6
23.Qd6 Qxd6 24.exd6 e5 25.Rad1 Be6 26.Na5 Rf7 27.Nd2 f5 28.Nf3 e4 29.Ng5 Bd7
30.Nxf7 Kxf7 31.Nb3 Bxc3 32.Nxc5 Bxe1+ 33.Kxe1 Rd8 34.Kf2 Kf6 35.Ke3 Ke5
36.g3 h5 37.Rd2 h3 38.Rd1 h4 39.Rd2 hxg3 40.hxg3 Be6 41.d7 Bc4 42.Nb7 h2
43.Nxd8 h1=Q 44.Nc6+ Ke6 45.Rd6+ Kf7 46.Ne5+ Kg7 47.d8=Q f4+ 48.Kxf4  1-0

[Event "Porto San Giorgio op"]
[Site "Porto San Giorgio"]
[Date "1995.??.??"]
[Round "?"]
[White "Zlochevskij, Alexander"]
[Black "Sax, Gyula"]
[Result "1/2-1/2"]
[WhiteElo "2485"]
[BlackElo "2535"]

1.d4 Nf6 2.Bg5 Ne4 3.Bh4 d5 4.Nd2 Nd6 5.e3 Nf5 6.Bg5 c5 7.c3 Nc6 8.g4 h6
9.Bf4 g5 10.gxf5 gxf4 11.Qh5 Qc7 12.Bg2 fxe3 13.fxe3 cxd4 14.exd4 Qf4 15.Bxd5 Qxf5
16.Qxf5 Bxf5 17.Ne2 e6 18.Be4 Bxe4 19.Nxe4 f5 20.N4g3 Rd8 21.Nf4 Kf7 22.O-O Bd6
23.d5 Bxf4 24.dxe6+ Kxe6 25.Rxf4 Rd2 26.Re1+  1/2-1/2

[Event "CZE Tschechien-ch"]
[Site "Prague"]
[Date "1995.??.??"]
[Round "?"]
[White "Cech, Pavel"]
[Black "Gross, Stefan"]
[Result "1-0"]
[WhiteElo "2360"]
[BlackElo "2350"]

1.d4 Nf6 2.Bg5 Ne4 3.h4 c5 4.d5 g6 5.Nd2 Nxg5 6.hxg5 d6 7.e4 Bg7 8.c3 e6
9.Bb5+ Bd7 10.Bxd7+ Qxd7 11.Nc4 e5 12.Nf3 h5 13.gxh6 Rxh6 14.Rxh6 Bxh6 15.Qb3 Bf8
16.O-O-O f6 17.Rh1 b5 18.Ne3 Na6 19.Nh4 Kf7 20.Nxg6 Kxg6 21.Qd1 Kf7 22.Rh7+ Bg7
23.Qh5+  1-0

[Event "CZE Moravia-ch"]
[Site "Prerov"]
[Date "1995.??.??"]
[Round "4"]
[White "Chytilek, Roman"]
[Black "Adam, Petr"]
[Result "1-0"]
[WhiteElo "2315"]
[BlackElo "2220"]

1.d4 Nf6 2.Bg5 Ne4 3.Bf4 d6 4.Qd3 Nf6 5.Nc3 g6 6.e4 Bg7 7.Nf3 Nbd7 8.Be2 O-O
9.O-O c5 10.d5 Qb6 11.a4 Ng4 12.Ra3 Nde5 13.Nxe5 Nxe5 14.Qd2 Bd7 15.h3 Rfc8
16.Be3 Qb4 17.Rb3 Nc4 18.Qc1 Nxe3 19.Rxb4 cxb4 20.Qxe3 bxc3 21.b3 Rc5 22.Bg4 Bxg4
23.hxg4 a6 24.g5 b5 25.Ra1 a5 26.Qh3 bxa4 27.Rxa4 Rb8 28.Qd7 Be5 29.g3 Rxb3
30.Qd8+ Kg7 31.f4 Rb1+ 32.Kf2 Rb2 33.fxe5 Rxc2+ 34.Ke3 Rb2 35.e6 fxe6 36.dxe6 Rxg5
37.Qxe7+ Kh6 38.Qf8+ Kh5 39.Qf3+ Kh6 40.Ra1 Rh2 41.e7  1-0

[Event "San Sebastian op"]
[Site "San Sebastian"]
[Date "1995.??.??"]
[Round "5"]
[White "Vehi Bach, Victor Manuel"]
[Black "Alvarez Ibarra, D Rafael"]
[Result "1/2-1/2"]
[WhiteElo "2430"]
[BlackElo "2440"]

1.d4 Nf6 2.Bg5 Ne4 3.Bf4 d5 4.f3 Nf6 5.Nc3 e6 6.e4 Bb4 7.Qd3 Nc6 8.Ne2 dxe4
9.fxe4 e5 10.dxe5 Ng4 11.Qxd8+ Kxd8 12.O-O-O+ Bd7 13.Bg3 Ngxe5 14.Nd4 Nxd4
15.Bxe5 Bxc3 16.bxc3 Ne6 17.Bb5 c6 18.Bc4 Ke7 19.Rhf1 Raf8 20.Bd6+ Ke8 21.Bxf8 Rxf8
22.Bxe6 Bxe6 23.Rd4 Ke7 24.a3 c5 25.Rd2 Rc8 26.e5 c4 27.Kb2 Rc5 28.Re2 h5
29.g3 g6 30.Ka2 b6 31.Ra1 Ra5  1/2-1/2

[Event "Santa Cruz de la Palma op"]
[Site "Santa Cruz"]
[Date "1995.??.??"]
[Round "?"]
[White "Santos, Carlos P"]
[Black "Calzetta, Monica"]
[Result "0-1"]
[WhiteElo "2310"]
[BlackElo "2150"]

1.d4 Nf6 2.Bg5 Ne4 3.Bf4 c5 4.d5 g5 5.Bc1 Bg7 6.f3 Nd6 7.c3 e6 8.Nh3 h6 9.Nf2 exd5
10.Qxd5 Qe7 11.Qxc5 Nc6 12.e4 b6 13.Qe3 Ne5 14.Nd2 f5 15.Nd3 fxe4 16.Nxe5 Qxe5
17.Nxe4 Nf5 18.Qe2 O-O 19.Bd2 d5 20.Nf2 Qc7 21.O-O-O Nd4 22.Qe3 Bf5 23.Nd3 Rfe8
24.Qf2 Qc4 25.Be3 Rac8 26.Bxd4 Bxd4 27.Qc2 Qxa2  0-1

[Event "Sarospatak op"]
[Site "Sarospatak"]
[Date "1995.??.??"]
[Round "?"]
[White "Vajda, Albert"]
[Black "Racz, Zoltan"]
[Result "0-1"]
[WhiteElo "2325"]
[BlackElo "2250"]

1.d4 Nf6 2.Bg5 Ne4 3.Bh4 c5 4.f3 Qa5+ 5.c3 Nf6 6.d5 d6 7.e4 Nbd7 8.Nd2 g6
9.Nc4 Qc7 10.Rc1 Bg7 11.Bd3 O-O 12.Ne2 b5 13.Ne3 c4 14.Bb1 Rb8 15.Nd4 Nc5
16.O-O e5 17.dxe6 fxe6 18.Bxf6 Rxf6 19.f4 a6 20.f5 Bb7 21.Ng4 Rff8 22.f6 h5
23.Qd2 hxg4 24.fxg7 Qxg7 25.Qg5 e5 26.Ne2 Bxe4 27.Bxe4 Nxe4 28.Qxg4 Nc5 29.Ng3 Nd3
30.Qe6+ Kh8 31.Rcd1 Qa7+ 32.Kh1 Rxf1+ 33.Rxf1 Nf2+ 34.Rxf2 Qxf2 35.Qh3+ Kg7
36.Qd7+ Qf7 37.Qxd6 Re8 38.h3 e4 39.Qd4+ Qf6 40.Qe3 Qd6 41.Qg5 Re5 42.Qe3 Qd3
43.Qa7+ Kh6 44.Qf2 Re8  0-1

[Event "SCO-ch"]
[Site "?"]
[Date "1995.??.??"]
[Round "5"]
[White "Condie, Mark L"]
[Black "Henderson, John B"]
[Result "1/2-1/2"]
[WhiteElo "2450"]
[BlackElo "2165"]

1.d4 Nf6 2.Bg5 Ne4 3.h4 c5 4.d5 g6 5.Nd2 Nxg5 6.hxg5 Bg7 7.c3 d6 8.e4 Nd7
9.f4 Qc7 10.Ngf3 b6 11.Bc4 Bb7 12.Qe2 O-O-O 13.Ba6 h5  1/2-1/2

[Event "Asia-chT"]
[Site "Singapore"]
[Date "1995.??.??"]
[Round "2"]
[White "Ramos, Domingo"]
[Black "Mas, Hafizulhelmi"]
[Result "1-0"]
[WhiteElo "2330"]
[BlackElo "2275"]

1.d4 Nf6 2.Bg5 Ne4 3.Bf4 d6 4.Nd2 Nf6 5.e4 g6 6.Ngf3 Bg7 7.c3 O-O 8.Qc2 Nbd7
9.Be2 Nh5 10.Bg5 h6 11.Be3 e5 12.dxe5 dxe5 13.Bc4 Qe7 14.O-O Kh8 15.Rfe1 c6
16.g3 Nb6 17.Bf1 Be6 18.b4 Nd7 19.Nc4 b6 20.Rad1 Rfd8 21.a4 Bg4 22.Be2 Nhf6
23.Nh4 Be6 24.f3 Ne8 25.Rd2 Nc7 26.Red1 c5 27.Nd6 Ne8 28.Nxe8 Rxe8 29.Nf5 gxf5
30.exf5 Nf8 31.fxe6 Nxe6 32.Qe4 cxb4 33.Rd7 Qf6 34.Bd3 Nf8 35.cxb4 Kg8 36.Rb7 Red8
37.Bc2 Ne6 38.Rxd8+ Rxd8 39.Rxa7 Nd4 40.Bxd4 exd4 41.Bd3 Qd6 42.Qh7+ Kf8
43.Bc4 Rd7 44.Ra8+ Rd8 45.Qf5 Bf6 46.Ra7  1-0

[Event "ESP-chTa"]
[Site "Spain"]
[Date "1995.??.??"]
[Round "4"]
[White "Romero Holmes, Alfonso"]
[Black "Rojas Franco, Miguel"]
[Result "1-0"]
[WhiteElo "2435"]
[BlackElo "2225"]

1.d4 Nf6 2.Bg5 Ne4 3.Bh4 c5 4.f3 Qa5+ 5.c3 Nd6 6.dxc5 Qxc5 7.e4 Nc6 8.Nd2 g6
9.Bf2 Qa5 10.Bg3 e5 11.Nc4 Nxc4 12.Bxc4 b5 13.Bb3 Qc7 14.Qd5 d6 15.Qxb5 Rb8
16.Qd3 Be6 17.Bxe6 fxe6 18.b3 Be7 19.Ne2 h5 20.O-O g5 21.Bf2 h4 22.h3 Bf8
23.Be3 Rg8 24.Qd2 Qg7 25.Nc1 Rd8 26.Nd3 Qg6 27.Qe2 d5 28.exd5 Rxd5 29.Nf2 Rg7
30.Ne4 g4 31.hxg4 Ne7 32.Bg5 Ng8 33.Rad1 Be7 34.Be3 Nf6 35.Nxf6+ Bxf6 36.Rxd5 exd5
37.c4 Rc7 38.Rd1 dxc4 39.bxc4 Qh7 40.Rd6  1-0

[Event "St Affrique op"]
[Site "St Affrique"]
[Date "1995.??.??"]
[Round "3"]
[White "Toulzac, Pierre Yves"]
[Black "Ikonnikov, Vyacheslav"]
[Result "0-1"]
[WhiteElo "2240"]
[BlackElo "2520"]

1.d4 Nf6 2.Bg5 Ne4 3.h4 c5 4.d5 Qb6 5.Qc1 g6 6.c3 Bg7 7.Nf3 d6 8.Nbd2 Nxg5
9.hxg5 Qc7 10.a4 b6 11.e4 a6 12.Nc4 Nd7 13.Qe3 Rb8 14.Be2 O-O 15.Nh2 Re8
16.Ng4 Nf8 17.Nh6+ Bxh6 18.Rxh6 b5 19.axb5 axb5 20.Nd2 e6 21.dxe6 Bxe6 22.Qf4 Ra8
23.Rb1 b4 24.f3 bxc3 25.bxc3 Reb8 26.Rxb8 Qxb8 27.Kf2 Ra3 28.Nc4 Ra2 29.Nxd6 Bc4
30.Kg3 Rxe2 31.e5 Be6 32.Ne4 Nd7  0-1

[Event "St Ingbert op"]
[Site "St Ingbert op"]
[Date "1995.??.??"]
[Round "6"]
[White "Bukal, Vladimir Sr"]
[Black "Groszpeter, Attila"]
[Result "0-1"]
[WhiteElo "2430"]
[BlackElo "2555"]

1.d4 Nf6 2.Bg5 Ne4 3.h4 c5 4.dxc5 Na6 5.Qd4 Qa5+ 6.c3 Nxg5 7.hxg5 Qxc5 8.Nf3 Qxd4
9.Nxd4 g6 10.e4 Nc5 11.Nd2 Bg7 12.a4 d6 13.Bc4 Bd7 14.b3 Rc8 15.Ke2 Ne6 16.N2f3 Rc5
17.Bxe6 Bxe6 18.Rac1 Bd7 19.Kd3 O-O 20.b4 Rcc8 21.c4 f5 22.gxf6 Rxf6 23.a5 Rff8
24.Rc2 h5 25.Re1 Rf4 26.g3 Rff8 27.Ng5 Bh6 28.Nge6 Rf6 29.Nf4 Bxf4 30.gxf4 Rxf4
31.e5 d5 32.c5 Bf5+ 33.Nxf5 gxf5 34.b5 Kf7 35.c6 bxc6 36.bxc6 Ke6 37.c7 Rc4
38.Rec1 R8xc7 39.Rxc4 Rxc4  0-1

[Event "St Ingbert op"]
[Site "St Ingbert"]
[Date "1995.??.??"]
[Round "9"]
[White "Leibbrand, U."]
[Black "Moehrmann, Marcus"]
[Result "0-1"]
[WhiteElo "2095"]
[BlackElo "2215"]

1.d4 Nf6 2.Bg5 Ne4 3.Bf4 c5 4.f3 Nf6 5.d5 d6 6.e4 g6 7.Nd2 Bg7 8.Ne2 Nh5
9.Be3 Bxb2 10.Rb1 Bg7 11.g4 Nf6 12.c4 O-O 13.Ng3 b6 14.g5 Ne8 15.h4 f5 16.gxf6 exf6
17.Bd3 Nd7 18.Qe2 Ne5 19.h5 f5 20.exf5 Nxd3+ 21.Qxd3 Bxf5 22.Nge4 Nf6 23.hxg6 Bxg6
24.Ke2 Qe7 25.Rbg1 Rae8 26.Rxg6 hxg6 27.Ng5 Nh5 28.Rxh5 Qxe3+ 29.Qxe3 Rxe3+
30.Kxe3 gxh5 31.Ne6 Bh6+ 32.f4 Rf5 33.Ne4 h4 34.Kf3 h3 35.Kg3 h2 36.Kxh2 Bxf4+
37.Kg2 Be5 38.a4 Rh5  0-1

[Event "St Petersburg op"]
[Site "St Petersburg"]
[Date "1995.??.??"]
[Round "7"]
[White "Popov, Valerij"]
[Black "Kochyev, Alexander"]
[Result "1/2-1/2"]
[WhiteElo "2430"]
[BlackElo "2455"]

1.d4 Nf6 2.Bg5 Ne4 3.Bh4 c6 4.f3 Qa5+ 5.Nd2 Nxd2 6.Qxd2 Qxd2+ 7.Kxd2 g6 8.c3 Na6
9.e4 Nc7 10.Bd3 Bg7 11.Ne2 d6 12.Kc2 b6 13.a4 Bd7 14.Rhd1  1/2-1/2

[Event "Chigorin mem"]
[Site "St Petersburg"]
[Date "1995.??.??"]
[Round "7"]
[White "Popov, Valerij"]
[Black "Loskutov, Oleg"]
[Result "0-1"]
[WhiteElo "2465"]
[BlackElo "2390"]

1.d4 Nf6 2.Bg5 Ne4 3.Bh4 c5 4.f3 g5 5.fxe4 gxh4 6.e3 Bh6 7.Kf2 O-O 8.Nd2 cxd4
9.exd4 e5 10.Ngf3 exd4 11.Nxd4 Qg5 12.Ke1 Qe3+ 13.Ne2 Nc6 14.Qc1 d5 15.exd5 Nd4
16.Qd1 Bg4 17.Nf3 Nxf3+ 18.gxf3 Qxf3 19.Rg1 Be3 20.Rg2 h3 21.Rxg4+ Qxg4 22.Ng3 Qf4
23.Qd3 Bf2+ 24.Kd1 Bxg3 25.Qxg3+ Qxg3 26.hxg3 h2 27.Bg2 Rfe8 28.Kd2 Re5 29.Bf3 Rae8
30.Rh1 Rf5 31.Bd1 Rxd5+ 32.Kc1 Re3 33.Rxh2 Rxg3  0-1

[Event "St Veit op"]
[Site "St Veit"]
[Date "1995.??.??"]
[Round "6"]
[White "Steiner, Guenter"]
[Black "Mazi, Leon"]
[Result "0-1"]
[WhiteElo "2185"]
[BlackElo "2360"]

1.d4 Nf6 2.Bg5 Ne4 3.h4 d5 4.Nd2 Nd6 5.e3 f6 6.Bf4 Nf7 7.c4 e6 8.cxd5 exd5
9.Bd3 c6 10.h5 Be6 11.Qc2 h6 12.Ngf3 Bd6 13.Bxd6 Qxd6 14.Nh4 Nd7 15.Ng6 Rg8
16.b4 Nb6 17.Rb1 Bd7 18.Nf4 Kd8 19.Kf1 Re8 20.Nb3 Qc7 21.Nd2 Nd6 22.Rc1 a6
23.a4 Rc8 24.Qa2 Qb8 25.a5 Na8 26.Nb3 Nc7 27.Nc5 Ne6 28.Nfxe6+ Bxe6 29.Qe2 Qc7
30.Qf3 Qe7 31.Qf4 Rc7 32.g3 Bc8 33.Kg2 Rf8 34.Rhe1 f5 35.Qe5 Rf6 36.Qxe7+ Rxe7
37.Be2 Bd7 38.Bf3 Be8 39.Rh1 Kc7 40.Rh4 Ne4 41.Bxe4 fxe4 42.Rch1 Rf5 43.R1h2 Bd7
44.Na4 Rg5 45.Rf4 Bg4 46.Rh4 Bxh5 47.Rf8 Bg4 48.Nc5 h5 49.Kf1 Rg6 50.Rg8 Rd6
51.Kg2 Rd8 52.Rxd8 Kxd8 53.Rh2 g5 54.Na4 Bf3+ 55.Kh3 Ke8 56.Nc5 Kf7 57.Na4 Kg6
58.Nc5 Kf5 59.Na4 Rh7 60.Nc5 h4 61.gxh4 Rxh4+ 62.Kg3 Rg4+ 63.Kh3 Rg1  0-1

[Event "SVK-chT"]
[Site "?"]
[Date "1995.??.??"]
[Round "?"]
[White "Mihalik, Marek"]
[Black "Lembak, Jurij"]
[Result "0-1"]
[WhiteElo "2185"]
[BlackElo "2295"]

1.d4 Nf6 2.Bg5 Ne4 3.Bh4 d5 4.Nd2 Nd6 5.e3 g6 6.Ngf3 Bg7 7.c4 dxc4 8.Nxc4 O-O
9.Be2 Be6 10.Rc1 Nd7 11.O-O Bd5 12.b3 Nf5 13.Bg3 Nxg3 14.hxg3 c5 15.Nce5 cxd4
16.Nxd7 Qxd7 17.Nxd4 Rfd8 18.Bf3 e5 19.Bxd5 Qxd5 20.Ne2 Qa5 21.Qc2 Rd2 22.Qc3 Qxa2
23.Ra1 Qc2 24.Rac1 Qxc3 25.Nxc3 Rd3 26.Rfd1 Rad8 27.e4 Rxd1+ 28.Nxd1 Bh6
29.Rb1 Rd3 30.Kf1 f5 31.exf5 gxf5 32.Ke2 Rd2+ 33.Kf1 Rc2 34.Rb2 Rxb2 35.Nxb2 Kf7
36.Ke2 Ke6 37.Kd3 Kd5 38.f3 e4+ 39.Ke2 Bg7 40.Nc4 Bd4 41.g4 b5 42.Na3 b4
43.Nc2 fxg4 44.fxe4+ Kc5 45.Kd3 Be5 46.Ne3 h5 47.Nc4 Bf4 48.Nb2 h4 49.Ke2 Kd4
50.Nd3 h3 51.gxh3 gxh3 52.Nf2 h2 53.Kf3 Bd6  0-1

[Event "BCF-ch"]
[Site "Swansea"]
[Date "1995.??.??"]
[Round "2"]
[White "Cooper, Lawrence"]
[Black "Ward, Christopher"]
[Result "1/2-1/2"]
[WhiteElo "2315"]
[BlackElo "2500"]

1.d4 Nf6 2.Bg5 Ne4 3.Bf4 d5 4.f3 Nf6 5.Nc3 Nh5 6.Bg5 h6 7.Bh4 c5 8.e3 g5
9.Bf2 cxd4 10.exd4 Nf6 11.Bd3 Nc6 12.a3 a6 13.h3 b5 14.Na2 Bg7 15.Nb4 Qd6
16.Nxc6 Qxc6 17.Ne2 Bd7 18.c3 a5  1/2-1/2

[Event "JUG-chT"]
[Site "Tivat"]
[Date "1995.??.??"]
[Round "6"]
[White "Miladinovic, Igor"]
[Black "Svidler, Peter"]
[Result "1/2-1/2"]
[WhiteElo "2555"]
[BlackElo "2635"]

1.d4 Nf6 2.Bg5 Ne4 3.h4 c5 4.dxc5 h6 5.Be3 e6 6.Nd2 Nxc5 7.Ngf3 d5 8.c3 b6
9.g3 Bb7 10.Bg2 Be7 11.O-O O-O 12.c4 Nbd7 13.cxd5 Bxd5 14.b4 Ne4 15.Nxe4 Bxe4
16.Qa4 Nf6 17.b5 Qd5 18.Rfd1 Qb7 19.Ne1 Rfc8 20.Rac1 Rxc1  1/2-1/2

[Event "P&V Cup"]
[Site "Tjalfe"]
[Date "1995.??.??"]
[Round "?"]
[White "Kinsman, Andrew PH"]
[Black "Borge, Nikolaj"]
[Result "1/2-1/2"]
[WhiteElo "2355"]
[BlackElo "2405"]

1.d4 Nf6 2.Bg5 Ne4 3.Bf4 c5 4.f3 Qa5+ 5.c3 Nf6 6.Nd2 cxd4 7.Nb3 Qf5 8.Bxb8 Rxb8
9.Qxd4 b6 10.e4 Qf4 11.Ne2 Qc7 12.e5 Ng8 13.Ng3 Bb7 14.O-O-O Rd8 15.Nf5 Qc6
16.Qe3 e6 17.Nfd4 Qc8 18.f4 a6 19.Kb1 g6 20.Nd2 Nh6 21.Ne4 Ng4 22.Nf6+ Nxf6
23.exf6 Qc5 24.Bd3 Bh6 25.Qg3 Qc7 26.Rhf1 Bf8 27.Qh3 h6 28.f5 gxf5 29.Nxf5 Rg8
30.g4 Bd5 31.Nxh6 Rh8 32.g5 Qc5 33.Rf4 Bxa2+ 34.Kxa2 Qxg5 35.Nxf7 Qa5+ 36.Kb1 Rxh3
37.Bg6 Bh6 38.Ng5+ Kf8 39.Nxe6+ Kg8 40.f7+ Kh8 41.Nxd8 Qc5 42.Rxd7 Rxh2 43.Ne6 Rh1+
44.Kc2 Rh2+ 45.Kb1 Rh1+ 46.Kc2 Rh2+  1/2-1/2

[Event "DEN-chJ"]
[Site "Tjele"]
[Date "1995.??.??"]
[Round "9"]
[White "Sylvan, Jacob"]
[Black "De la Rosa, Damian"]
[Result "1-0"]
[WhiteElo "2225"]
[BlackElo "2125"]

1.d4 Nf6 2.Bg5 Ne4 3.Bf4 d5 4.Nd2 Nxd2 5.Qxd2 Bf5 6.e3 e6 7.Bd3 Bg6 8.Nf3 Bd6
9.Bg3 O-O 10.Bxg6 hxg6 11.Bxd6 Qxd6 12.h4 Nd7 13.h5 gxh5 14.Rxh5 Nf6 15.Rh3 Ne4
16.Qe2 Qa6 17.Qxa6 bxa6 18.Nd2 Nd6 19.O-O-O f6 20.Rh5 Kf7 21.Rdh1 Rab8 22.c3 Rfc8
23.Kc2 Rb6 24.Rh8 Ne8 25.Nb3 Rcb8 26.Rb1 Ke7 27.Nc5 a5 28.b3 Nd6 29.Rbh1 Ne4
30.Nxe4 dxe4 31.Rxb8 Rxb8 32.c4 a4 33.Kc3 axb3 34.axb3 Kd6 35.Rh7 Rg8 36.b4 e5
37.d5 f5 38.Rh1 Rf8 39.Ra1 f4 40.Kd2 Rb8 41.Ra6+ Kd7 42.b5 Rb6 43.Rxa7 Rg6
44.Ke2 Rxg2 45.b6 Rg1 46.Rxc7+ Kd6 47.Rc6+ Kd7 48.c5 f3+ 49.Kd2 Rb1 50.Rc7+ Kd8
51.d6  1-0

[Event "FRA-chB"]
[Site "Toulouse"]
[Date "1995.??.??"]
[Round "10"]
[White "Hartereau, Philippe"]
[Black "Tugaye, Francis"]
[Result "0-1"]
[WhiteElo "2230"]
[BlackElo "2195"]

1.d4 Nf6 2.Bg5 Ne4 3.Bf4 c5 4.f3 Nf6 5.d5 d6 6.e4 g6 7.c4 Bg7 8.Qd2 O-O 9.Nc3 Nbd7
10.g4 h5 11.g5 Ne8 12.O-O-O a6 13.Kb1 b5 14.cxb5 axb5 15.Bxb5 Qb6 16.Nge2 Nc7
17.a4 Ne5 18.Bxe5 Bxe5 19.Kc2 Ba6 20.Bxa6 Nxa6 21.Rb1 Nb4+ 22.Kd1 c4 23.f4 Bg7
24.Rf1 Rfb8 25.h4 Na6 26.f5 Be5 27.f6 Qb3+ 28.Qc2 exf6 29.gxf6 Nc5 30.Qxb3 Rxb3
31.Kc2  0-1

[Event "FRA-ch"]
[Site "Toulouse"]
[Date "1995.??.??"]
[Round "12"]
[White "Degraeve, Jean Marc"]
[Black "Lepelletier, Benoit"]
[Result "0-1"]
[WhiteElo "2410"]
[BlackElo "2445"]

1.d4 Nf6 2.Bg5 Ne4 3.Bf4 d5 4.e3 Bf5 5.f3 Nf6 6.g4 Bg6 7.h4 h6 8.Nc3 e6 9.Qd2 c5
10.Nb5 Na6 11.Nh3 Qb6 12.a4 c4 13.c3 Be7 14.Bg3 Bh7 15.Nf4 Nd7 16.g5 Bf5
17.Qg2 Qc6 18.Nh5 Kf8 19.Bf4 hxg5 20.hxg5 Rg8 21.Qh2 Bg6 22.Ng3 Nb6 23.Bh3 Nxa4
24.Rxa4 Qxb5 25.Ra1 Qc6 26.Bg4 b5 27.Nh5 Rd8 28.Be5 Ke8 29.Nxg7+ Kd7 30.f4 Be4
31.Rf1 Bd6 32.Nh5 Kc7 33.f5 Rxg5 34.fxe6 fxe6 35.Rf7+ Kb6 36.Nf6 Bxe5 37.dxe5 Nc5
38.Raxa7 Ra8 39.Rxa8 Qxa8 40.Kf2 Qa1 41.Kg3 Nd3 42.Kh4 Rg6 43.Kh5 Qa8 44.Nd7+ Kc6
45.Rf8 Qa7  0-1

[Event "Val Thorens op"]
[Site "Val Thorens"]
[Date "1995.??.??"]
[Round "?"]
[White "Rey, Fabrice"]
[Black "Benitah, Yohan"]
[Result "1/2-1/2"]
[WhiteElo "2170"]
[BlackElo "2320"]

1.d4 Nf6 2.Bg5 Ne4 3.Bh4 c5 4.f3 g5 5.fxe4 gxh4 6.e3 Bh6 7.Kf2 Qb6 8.Nc3 O-O
9.Nd5 Qd6 10.Qg4+ Bg7 11.Nf3 cxd4 12.exd4 Nc6 13.Bd3 f5 14.Qxh4 e6 15.Ne3 Nxd4
16.exf5 exf5 17.Rad1 Nxf3 18.gxf3 Qb6 19.Rhg1 Rf7 20.Bc4 d5 21.Bxd5 Be6 22.Bxe6 Qxe6
23.Rd8+ Rxd8 24.Qxd8+ Rf8 25.Qd5 Qxd5 26.Nxd5 Kf7 27.c3 Rd8 28.Rd1 Bh6 29.Rd3 Rd7
30.c4 a5 31.a4 Bg5 32.b3 Ke6 33.Rd1 Rd6 34.Rg1 Bh4+ 35.Ke2 Kf7 36.Kd3 Re6
37.Nf4 Rd6+ 38.Nd5 Re6 39.Kd2 Bf2 40.Rf1 Bc5 41.Re1 Rh6 42.Re2 Rh3 43.f4  1/2-1/2

[Event "Val Thorens op"]
[Site "Val Thorens"]
[Date "1995.??.??"]
[Round "?"]
[White "Pauwels, Rudi"]
[Black "Safranska, Anda"]
[Result "0-1"]
[WhiteElo "1945"]
[BlackElo "2240"]

1.d4 Nf6 2.Bg5 Ne4 3.Bf4 c5 4.d5 Qb6 5.Nd2 Nxd2 6.Bxd2 Qxb2 7.e4 Qb6 8.Rb1 Qc7
9.c4 e5 10.Bd3 d6 11.f4 exf4 12.Bxf4 Be7 13.Nf3 Bg4 14.O-O Nd7 15.h3 Bxf3
16.Qxf3 Bf6 17.Bc2 O-O 18.Qg3 Be5 19.Ba4 Bxf4 20.Rxf4 Ne5 21.h4 Nxc4 22.h5 Ne5
23.h6 Ng6 24.hxg7 Kxg7 25.Qg5 Qd8 26.Qg3 Rb8 27.Qc3+ f6 28.Rf5 Qe7 29.Bc2 b5
30.Rbf1 Ne5 31.Qg3+ Kh8 32.Qh4 Nd7 33.e5 Nxe5 34.Rxf6 Rxf6 35.Rxf6 Rg8 36.Qe4 Rg6
37.Rf2 Rg7 38.Qf5 Ng6 39.Qc8+ Rg8 40.Qh3 b4 41.Bf5 Qe1+ 42.Rf1 Qh4 43.Qe3 Rf8
44.g3 Qe7 45.Be6 Rxf1+ 46.Kxf1 Qf6+ 47.Kg2 Kg7 48.Qe2 Ne5 49.Qe4 a5 50.Bf5 c4
51.g4 c3 52.Qe3 Ng6 53.Qa7+ Qe7 54.Qd4+ Qe5 55.Qa7+ Kh6 56.Qxa5 Nh4+ 57.Kg1 Qe3+
58.Kf1 Nxf5 59.gxf5 c2  0-1

[Event "Velden op"]
[Site "Velden"]
[Date "1995.??.??"]
[Round "6"]
[White "Casagrande, Harald"]
[Black "Loginov, Valery A"]
[Result "0-1"]
[WhiteElo "2340"]
[BlackElo "2525"]

1.d4 Nf6 2.Bg5 Ne4 3.h4 c5 4.dxc5 Qa5+ 5.Nd2 Nxc5 6.c3 Qc7 7.e4 d6 8.b4 Ncd7
9.Ngf3 Nc6 10.Nd4 a6 11.h5 h6 12.Be3 e6 13.Bc4 Nf6 14.Rc1 Be7 15.b5 Ne5 16.Be2 Ned7
17.bxa6 bxa6 18.f4 Nc5 19.Qc2 e5 20.Nf5 Bxf5 21.exf5 O-O 22.c4 Rab8 23.O-O Rfe8
24.Nb3 Nce4 25.c5 Ng3 26.Rf3 Nfxh5 27.fxe5 dxe5 28.Bxa6 e4 29.Rf2 Bg5 30.Re1 Re5
31.Bxg5 hxg5 32.Be2 Nf4 33.Bf1 Rbe8 34.Bb5 R8e7 35.a4 Nd3 36.Bxd3 exd3 37.Rxe5 dxc2
38.Rxe7 Qxe7 39.Rxc2  0-1

[Event "Viernheim"]
[Site "Viernheim"]
[Date "1995.??.??"]
[Round "2"]
[White "Sokolov, Andrei"]
[Black "Smejkal, Jan"]
[Result "1/2-1/2"]
[WhiteElo "2585"]
[BlackElo "2520"]

1.d4 Nf6 2.Bg5 Ne4 3.Bh4 c5 4.Nd2 Qa5 5.c3 Nxd2 6.Qxd2 cxd4 7.cxd4 Qxd2+
8.Kxd2 e6 9.e4 Nc6 10.Nf3 Bb4+ 11.Kd1  1/2-1/2